| 000 | 00494cam a2200193ua 4500 | ||
|---|---|---|---|
| 001 | 11508 | ||
| 008 | 190926n ii |||gr||||Z||||||eng | ||
| 020 | _a9789386042255 | ||
| 040 | _cMAIN | ||
| 082 | _a320.540954 | ||
| 100 |
_aA.R. Desai, _eAuthor. |
||
| 245 |
_aSocial Background of Indian Nationalism _cBy A.R.Desai |
||
| 250 | _a6th ed. | ||
| 260 |
_aNew Delhi: _bSage Publication, _c2016. |
||
| 300 | _a276p. | ||
| 653 | _aPolitical science | ||
| 653 | _aIndian sociology | ||
| 942 | _cBK | ||
| 999 |
_c10335 _d10335 |
||